[Event "Stay Safe Play From Home 278"]
[Site "Emanuel Lasker Arena"]
[Date "2020.07.05"]
[Round "6"]
[White "Mepe_Nika"]
[Black "Scorpio New"]
[Result "1-0"]
[WhiteElo "2395"]
[BlackElo "2145"]
[PlyCount "121"]
[EventDate "2020.07.05"]
[EventType "swiss (blitz)"]

1. d4 {[%emt 0:00:01]} d6 {[%emt 0:00:02]} 2. Bf4 {[%emt 0:00:01]} c6 {[%emt 0:00:00]} 3. e3 {[%emt 0:00:01]} Nf6 {[%emt 0:00:00]} 4. Nf3 {[%emt 0:00:01]} Nh5 {[%emt 0:00:00]} 5. Be2 {[%emt 0:00:02]} Nxf4 {[%emt 0:00:01]} 6. exf4 {[%emt 0:00:00]} g6 {[%emt 0:00:00]} 7. O-O {[%emt 0:00:01]} Bg7 {[%emt 0:00:00]} 8. Nbd2 {[%emt 0:00:01]} O-O {[%emt 0:00:00]} 9. c3 {[%emt 0:00:00]} Nd7 {[%emt 0:00:00]} 10. Re1 {[%emt 0:00:00]} Nf6 {[%emt 0:00:00]} 11. Bd3 {[%emt 0:00:01]} Qc7 {[%emt 0:00:00]} 12. Qc2 {[%emt 0:00:01]} Re8 {[%emt 0:00:00]} 13. f5 {[%emt 0:00:01]} e5 {[%emt 0:00:01]} 14. dxe5 {[%emt 0:00:03]} dxe5 {[%emt 0:00:00]} 15. fxg6 {[%emt 0:00:01]} hxg6 {[%emt 0:00:01]} 16. Ne4 {[%emt 0:00:01]} Nxe4 {[%emt 0:00:01]} 17. Bxe4 {[%emt 0:00:00]} f5 {[%emt 0:00:00]} 18. Ng5 {[%emt 0:00:02]} fxe4 {[%emt 0:00:02]} 19. Qxe4 {[%emt 0:00:00]} Bf5 {[%emt 0:00:01]} 20. Qh4 {[%emt 0:00:01]} Bf6 {[%emt 0:00:02]} 21. Re3 {[%emt 0:00:01]} Bxg5 {[%emt 0:00:01]} 22. Qxg5 {[%emt 0:00:01]} Qe7 {[%emt 0:00:00]} 23. Qh6 {[%emt 0:00:01]} Qg7 {[%emt 0:00:01]} 24. Qg5 {[%emt 0:00:01]} Rad8 {[%emt 0:00:01]} 25. h4 {[%emt 0:00:03]} Rf8 {[%emt 0:00:02]} 26. Rae1 {[%emt 0:00:02]} Qf6 {[%emt 0:00:01]} 27. Qg3 {[%emt 0:00:03]} Rde8 {[%emt 0:00:02]} 28. Rxe5 {[%emt 0:00:01]} Rxe5 {[%emt 0:00:01]} 29. Rxe5 {[%emt 0:00:00]} Kg7 {[%emt 0:00:03]} 30. Re3 {[%emt 0:00:03]} Rf7 {[%emt 0:00:01]} 31. Rf3 {[%emt 0:00:01]} Qe6 {[%emt 0:00:01]} 32. Kh2 {[%emt 0:00:02]} Rd7 {[%emt 0:00:02]} 33. h5 {[%emt 0:00:02]} Qd6 {[%emt 0:00:01]} 34. hxg6 {[%emt 0:00:03]} Qxg3+ {[%emt 0:00:01]} 35. Kxg3 {[%emt 0:00:00]} Bxg6 {[%emt 0:00:01]} 36. b4 {[%emt 0:00:02]} Rd2 {[%emt 0:00:01]} 37. a4 {[%emt 0:00:00]} Rc2 {[%emt 0:00:01]} 38. a5 {[%emt 0:00:01]} Be4 {[%emt 0:00:01]} 39. Re3 {[%emt 0:00:01]} Bd5 {[%emt 0:00:01]} 40. f3 {[%emt 0:00:01]} Kf6 {[%emt 0:00:01]} 41. Kh3 {[%emt 0:00:01]} Rc1 {[%emt 0:00:01]} 42. g4 {[%emt 0:00:01]} Be6 {[%emt 0:00:01]} 43. Kg3 {[%emt 0:00:01]} Rc2 {[%emt 0:00:01]} 44. Kf4 {[%emt 0:00:01]} Bd5 {[%emt 0:00:00]} 45. g5+ {[%emt 0:00:01]} Kg7 {[%emt 0:00:01]} 46. Rd3 {[%emt 0:00:01]} Rf2 {[%emt 0:00:01]} 47. Re3 {[%emt 0:00:01]} a6 {[%emt 0:00:01]} 48. Kg3 {[%emt 0:00:01]} Kg6 {[%emt 0:00:01]} 49. Kxf2 {[%emt 0:00:01]} Bc4 {[%emt 0:00:00]} 50. Re7 {[%emt 0:00:01]} Bd5 {[%emt 0:00:00]} 51. Rxb7 {[%emt 0:00:00]} c5 {[%emt 0:00:00]} 52. Rb6+ {[%emt 0:00:00]} Kxg5 {[%emt 0:00:01]} 53. bxc5 {[%emt 0:00:00]} Kf4 {[%emt 0:00:02]} 54. c6 {[%emt 0:00:00]} Bxf3 {[%emt 0:00:00]} 55. c7 {[%emt 0:00:00]} Bb7 {[%emt 0:00:01]} 56. Rxb7 {[%emt 0:00:01]} Ke5 {[%emt 0:00:01]} 57. c8=Q {[%emt 0:00:00]} Ke4 {[%emt 0:00:00]} 58. Qd7 {[%emt 0:00:01]} Kf4 {[%emt 0:00:01]} 59. Rb6 {[%emt 0:00:01]} Ke5 {[%emt 0:00:00]} 60. Re6+ {[%emt 0:00:01]} Kf5 {[%emt 0:00:01]} 61. Qf7+ {[%emt 0:00:00] Scorpio New abbandona (Lag: Av=0.35s, max=1.0s)} 1-0

[Event "Stay Safe Play From Home 278"]
[Site "Emanuel Lasker Arena"]
[Date "2020.07.05"]
[Round "6"]
[White "Rogan"]
[Black "Broken sword"]
[Result "0-1"]
[WhiteElo "2243"]
[BlackElo "2470"]
[PlyCount "54"]
[EventDate "2020.07.05"]
[EventType "swiss (blitz)"]

1. d4 {[%emt 0:00:08]} d5 {[%emt 0:00:00]} 2. c3 {[%emt 0:00:00]} c6 {[%emt 0:00:01]} 3. Nf3 {[%emt 0:00:00]} Qb6 {[%emt 0:00:00]} 4. Bg5 {[%emt 0:00:00]} Bf5 {[%emt 0:00:01]} 5. Qb3 {[%emt 0:00:01]} Nd7 {[%emt 0:00:01]} 6. Qxb6 {[%emt 0:00:01]} axb6 {[%emt 0:00:00]} 7. Nbd2 {[%emt 0:00:01]} h6 {[%emt 0:00:00]} 8. Bf4 {[%emt 0:00:01]} Ngf6 {[%emt 0:00:01]} 9. e3 {[%emt 0:00:01]} b5 {[%emt 0:00:00]} 10. Be2 {[%emt 0:00:00]} Nb6 {[%emt 0:00:01]} 11. O-O {[%emt 0:00:01]} Na4 {[%emt 0:00:00]} 12. Nh4 {[%emt 0:00:03]} Bh7 {[%emt 0:00:01]} 13. Bc7 {[%emt 0:00:03]} Nxb2 {[%emt 0:00:01]} 14. f3 {[%emt 0:00:02]} e6 {[%emt 0:00:02]} 15. g3 {[%emt 0:00:02]} Be7 {[%emt 0:00:01]} 16. e4 {[%emt 0:00:01]} O-O {[%emt 0:00:02]} 17. Rfb1 {[%emt 0:00:08]} Na4 {[%emt 0:00:01]} 18. c4 {[%emt 0:00:02]} dxc4 {[%emt 0:00:01]} 19. Ng2 {[%emt 0:00:04]} Nc3 {[%emt 0:00:01]} 20. Re1 {[%emt 0:00:01]} Rac8 {[%emt 0:00:01]} 21. Ba5 {[%emt 0:00:01]} Nxe2+ {[%emt 0:00:01]} 22. Rxe2 {[%emt 0:00:01]} Rfe8 {[%emt 0:00:01]} 23. a3 {[%emt 0:00:01]} Bd8 {[%emt 0:00:00]} 24. Bb4 {[%emt 0:00:01]} Bb6 {[%emt 0:00:01]} 25. Bc5 {[%emt 0:00:03]} Bxc5 {[%emt 0:00:01]} 26. dxc5 {[%emt 0:00:00]} Nd7 {[%emt 0:00:00]} 27. Nxc4 {[%emt 0:00:03]} bxc4 {[%emt 0:00:01] Rogan resigns (Lag: Av=0.36s, max=0.8s)} 0-1

[Event "Stay Safe Play From Home 278"]
[Site "Emanuel Lasker Arena"]
[Date "2020.07.05"]
[Round "6"]
[White "SoulofWolf"]
[Black "The Next Contender"]
[Result "1-0"]
[WhiteElo "2159"]
[BlackElo "2042"]
[PlyCount "73"]
[EventDate "2020.07.05"]
[EventType "swiss (blitz)"]

1. Nf3 {[%emt 0:00:01]} d5 {[%emt 0:00:00]} 2. c4 {[%emt 0:00:00]} d4 {[%emt 0:00:01]} 3. e3 {[%emt 0:00:00]} dxe3 {[%emt 0:00:01]} 4. fxe3 {[%emt 0:00:00]} c5 {[%emt 0:00:00]} 5. d3 {[%emt 0:00:01]} e6 {[%emt 0:00:00]} 6. Be2 {[%emt 0:00:00]} Nf6 {[%emt 0:00:01]} 7. O-O {[%emt 0:00:00]} g6 {[%emt 0:00:00]} 8. Nbd2 {[%emt 0:00:01]} Bg7 {[%emt 0:00:00]} 9. Re1 {[%emt 0:00:01]} O-O {[%emt 0:00:00]} 10. Nf1 {[%emt 0:00:00]} Nbd7 {[%emt 0:00:01]} 11. Rb1 {[%emt 0:00:00]} Qc7 {[%emt 0:00:00]} 12. b3 {[%emt 0:00:00]} b6 {[%emt 0:00:00]} 13. Bb2 {[%emt 0:00:00]} Bb7 {[%emt 0:00:00]} 14. Ng3 {[%emt 0:00:02]} Rfe8 {[%emt 0:00:01]} 15. e4 {[%emt 0:00:01]} e5 {[%emt 0:00:01]} 16. Qd2 {[%emt 0:00:01]} Nh5 {[%emt 0:00:01]} 17. Nxh5 {[%emt 0:00:01]} gxh5 {[%emt 0:00:00]} 18. Qg5 {[%emt 0:00:02]} Re6 {[%emt 0:00:01]} 19. Qxh5 {[%emt 0:00:02]} Rg6 {[%emt 0:00:00]} 20. Nh4 {[%emt 0:00:02]} Nf6 {[%emt 0:00:01]} 21. Qf3 {[%emt 0:00:02]} Rh6 {[%emt 0:00:01]} 22. g3 {[%emt 0:00:03]} Bc8 {[%emt 0:00:03]} 23. Bc1 {[%emt 0:00:02]} Bg4 {[%emt 0:00:01]} 24. Qg2 {[%emt 0:00:01]} Bxe2 {[%emt 0:00:02]} 25. Rxe2 {[%emt 0:00:00]} Rh5 {[%emt 0:00:00]} 26. Rf2 {[%emt 0:00:01]} Ng4 {[%emt 0:00:01]} 27. Rf5 {[%emt 0:00:03]} Rxf5 {[%emt 0:00:01]} 28. Nxf5 {[%emt 0:00:01]} Qd7 {[%emt 0:00:02]} 29. Qh3 {[%emt 0:00:01]} Nf6 {[%emt 0:00:04]} 30. g4 {[%emt 0:00:02]} Kh8 {[%emt 0:00:04]} 31. Be3 {[%emt 0:00:01]} Rg8 {[%emt 0:00:01]} 32. g5 {[%emt 0:00:04]} Qxd3 {[%emt 0:00:01]} 33. Rf1 {[%emt 0:00:05]} Nxe4 {[%emt 0:00:02]} 34. Kh1 {[%emt 0:00:01]} f6 {[%emt 0:00:02]} 35. Nxg7 {[%emt 0:00:01]} Rxg7 {[%emt 0:00:01]} 36. gxf6 {[%emt 0:00:01]} Rf7 {[%emt 0:00:01]} 37. Qc8+ {[%emt 0:00:01] The Next Contender resigns (Lag: Av=0.47s, max=0.8s)} 1-0

[Event "Stay Safe Play From Home 278"]
[Site "Emanuel Lasker Arena"]
[Date "2020.07.05"]
[Round "6"]
[White "Lazieri3"]
[Black "Robk"]
[Result "1-0"]
[WhiteElo "2022"]
[BlackElo "1613"]
[PlyCount "61"]
[EventDate "2020.07.05"]
[EventType "swiss (blitz)"]

1. e4 {[%emt 0:00:01]} c5 {[%emt 0:00:03]} 2. Nc3 {[%emt 0:00:00]} e6 {[%emt 0:00:01]} 3. d3 {[%emt 0:00:00]} Nc6 {[%emt 0:00:02]} 4. Nf3 {[%emt 0:00:00]} d6 {[%emt 0:00:03]} 5. Bg5 {[%emt 0:00:01]} Be7 {[%emt 0:00:02]} 6. Bxe7 {[%emt 0:00:01]} Qxe7 {[%emt 0:00:03]} 7. d4 {[%emt 0:00:00]} cxd4 {[%emt 0:00:02]} 8. Nxd4 {[%emt 0:00:00]} Nf6 {[%emt 0:00:02]} 9. Nxc6 {[%emt 0:00:01]} bxc6 {[%emt 0:00:02]} 10. Bd3 {[%emt 0:00:00]} d5 {[%emt 0:00:02]} 11. O-O {[%emt 0:00:00]} Nxe4 {[%emt 0:00:02]} 12. Nxe4 {[%emt 0:00:00]} dxe4 {[%emt 0:00:01]} 13. Bxe4 {[%emt 0:00:00]} O-O {[%emt 0:00:01]} 14. Bxc6 {[%emt 0:00:01]} Rb8 {[%emt 0:00:02]} 15. b3 {[%emt 0:00:01]} Bb7 {[%emt 0:00:02]} 16. Bxb7 {[%emt 0:00:01]} Qxb7 {[%emt 0:00:01]} 17. c4 {[%emt 0:00:00]} Rfd8 {[%emt 0:00:02]} 18. Qe2 {[%emt 0:00:00]} Rd6 {[%emt 0:00:02]} 19. Rfd1 {[%emt 0:00:02]} Rbd8 {[%emt 0:00:02]} 20. h3 {[%emt 0:00:01]} Qd7 {[%emt 0:00:02]} 21. Rxd6 {[%emt 0:00:01]} Qxd6 {[%emt 0:00:01]} 22. Re1 {[%emt 0:00:00]} Qd2 {[%emt 0:00:02]} 23. Qxd2 {[%emt 0:00:01]} Rxd2 {[%emt 0:00:01]} 24. a4 {[%emt 0:00:00]} Rd3 {[%emt 0:00:05]} 25. Re3 {[%emt 0:00:00]} Rd1+ {[%emt 0:00:02]} 26. Kh2 {[%emt 0:00:01]} Kf8 {[%emt 0:00:03]} 27. Rc3 {[%emt 0:00:03]} Ke7 {[%emt 0:00:02]} 28. c5 {[%emt 0:00:00]} Kd7 {[%emt 0:00:01]} 29. c6+ {[%emt 0:00:02]} Kc7 {[%emt 0:00:01]} 30. b4 {[%emt 0:00:00]} a6 {[%emt 0:00:02]} 31. b5 {[%emt 0:00:02] Time (Lag: Av=0.80s, max=1.1s)} 1-0

[Event "Stay Safe Play From Home 278"]
[Site "Emanuel Lasker Arena"]
[Date "2020.07.05"]
[Round "6"]
[White "NeatFox"]
[Black "EL sanbary"]
[Result "0-1"]
[WhiteElo "1994"]
[BlackElo "1970"]
[PlyCount "80"]
[EventDate "2020.07.05"]
[EventType "swiss (blitz)"]

1. g4 {[%emt 0:00:01]} c5 {[%emt 0:00:01]} 2. Bg2 {[%emt 0:00:00]} Nc6 {[%emt 0:00:01]} 3. c4 {[%emt 0:00:00]} g6 {[%emt 0:00:00]} 4. Qb3 {[%emt 0:00:01]} Bg7 {[%emt 0:00:01]} 5. Nf3 {[%emt 0:00:00]} d6 {[%emt 0:00:01]} 6. d3 {[%emt 0:00:01]} b6 {[%emt 0:00:01]} 7. e4 {[%emt 0:00:02]} Qc7 {[%emt 0:00:01]} 8. Nc3 {[%emt 0:00:01]} Bxg4 {[%emt 0:00:01]} 9. Nd5 {[%emt 0:00:02]} Qd7 {[%emt 0:00:02]} 10. Be3 {[%emt 0:00:03]} Bxf3 {[%emt 0:00:01]} 11. Bxf3 {[%emt 0:00:01]} Nd4 {[%emt 0:00:01]} 12. Bxd4 {[%emt 0:00:01]} cxd4 {[%emt 0:00:01]} 13. a4 {[%emt 0:00:01]} Nf6 {[%emt 0:00:01]} 14. Nxf6+ {[%emt 0:00:01]} Bxf6 {[%emt 0:00:01]} 15. a5 {[%emt 0:00:01]} bxa5 {[%emt 0:00:02]} 16. Rxa5 {[%emt 0:00:01]} O-O {[%emt 0:00:01]} 17. O-O {[%emt 0:00:03]} Rab8 {[%emt 0:00:01]} 18. Qa3 {[%emt 0:00:03]} Rb7 {[%emt 0:00:01]} 19. e5 {[%emt 0:00:01]} dxe5 {[%emt 0:00:01]} 20. Bxb7 {[%emt 0:00:01]} Qxb7 {[%emt 0:00:00]} 21. f3 {[%emt 0:00:01]} Ra8 {[%emt 0:00:05]} 22. b4 {[%emt 0:00:02]} Kg7 {[%emt 0:00:03]} 23. b5 {[%emt 0:00:01]} Bg5 {[%emt 0:00:02]} 24. c5 {[%emt 0:00:01]} Be3+ {[%emt 0:00:00]} 25. Kg2 {[%emt 0:00:01]} Qd7 {[%emt 0:00:01]} 26. b6 {[%emt 0:00:03]} axb6 {[%emt 0:00:02]} 27. Rxa8 {[%emt 0:00:01]} bxc5 {[%emt 0:00:01]} 28. Qa4 {[%emt 0:00:04]} Qf5 {[%emt 0:00:01]} 29. Qe8 {[%emt 0:00:01]} Qxd3 {[%emt 0:00:06]} 30. Qh8+ {[%emt 0:00:02]} Kh6 {[%emt 0:00:01]} 31. Rf8 {[%emt 0:00:06]} Qe2+ {[%emt 0:00:01]} 32. Kg3 {[%emt 0:00:01]} Qxf1 {[%emt 0:00:01]} 33. Rxf7 {[%emt 0:00:01]} Qg1+ {[%emt 0:00:01]} 34. Kh3 {[%emt 0:00:01]} Qf1+ {[%emt 0:00:01]} 35. Kg3 {[%emt 0:00:01]} Qg1+ {[%emt 0:00:01]} 36. Kh3 {[%emt 0:00:00]} Qf1+ {[%emt 0:00:01]} 37. Kg4 {[%emt 0:00:01]} Qg2+ {[%emt 0:00:02]} 38. Kh4 {[%emt 0:00:00]} Qxh2+ {[%emt 0:00:01]} 39. Kg4 {[%emt 0:00:01]} Qg2+ {[%emt 0:00:01]} 40. Kh4 {[%emt 0:00:01]} g5# {[%emt 0:00:00] (Lag: Av=0.48s, max=0.8s)} 0-1

[Event "Stay Safe Play From Home 278"]
[Site "Emanuel Lasker Arena"]
[Date "2020.07.05"]
[Round "6"]
[White "Bardellosport"]
[Black "BrainThinker22"]
[Result "0-1"]
[WhiteElo "1957"]
[BlackElo "2393"]
[Annotator "NA"]
[PlyCount "78"]
[EventDate "2020.07.05"]
[EventType "swiss (blitz)"]

1. e4 {[%emt 0:00:01]} c6 {[%emt 0:00:00]} 2. d3 {[%emt 0:00:00]} d5 {[%emt 0:00:00]} 3. Nd2 {[%emt 0:00:00]} e5 {[%emt 0:00:00]} 4. Ngf3 {[%emt 0:00:01]} Bd6 {[%emt 0:00:00]} 5. Be2 {[%emt 0:00:00]} Nf6 {[%emt 0:00:00]} 6. O-O {[%emt 0:00:00]} O-O {[%emt 0:00:00]} 7. c3 {[%emt 0:00:00]} Re8 {[%emt 0:00:01]} 8. Qc2 {[%emt 0:00:00]} h6 {[%emt 0:00:00]} 9. h3 {[%emt 0:00:01]} dxe4 {[%emt 0:00:00]} 10. Nxe4 {[%emt 0:00:01]} Nxe4 {[%emt 0:00:01]} 11. dxe4 {[%emt 0:00:00]} Be6 {[%emt 0:00:00]} 12. Be3 {[%emt 0:00:01]} Qc7 {[%emt 0:00:00]} 13. Rad1 {[%emt 0:00:01]} Nd7 {[%emt 0:00:00]} 14. b4 {[%emt 0:00:01]} Rad8 {[%emt 0:00:00]} 15. a3 {[%emt 0:00:01]} Nb6 {[%emt 0:00:00]} 16. c4 {[%emt 0:00:01]} c5 {[%emt 0:00:01]} 17. b5 {[%emt 0:00:01]} a6 {[%emt 0:00:02]} 18. a4 {[%emt 0:00:01]} axb5 {[%emt 0:00:01]} 19. axb5 {[%emt 0:00:00]} Ra8 {[%emt 0:00:00]} 20. Ra1 {[%emt 0:00:01]} Qe7 {[%emt 0:00:03]} 21. Rad1 {[%emt 0:00:01]} Ra4 {[%emt 0:00:03]} 22. Ra1 {[%emt 0:00:02]} Rea8 {[%emt 0:00:01]} 23. Rxa4 {[%emt 0:00:00]} Rxa4 {[%emt 0:00:00]} 24. Rc1 {[%emt 0:00:01]} Bxc4 {[%emt 0:00:01]} 25. Bxc4 {[%emt 0:00:02]} Rxc4 {[%emt 0:00:00]} 26. Qd2 {[%emt 0:00:01]} Rxc1+ {[%emt 0:00:00]} 27. Qxc1 {[%emt 0:00:00]} Qe6 {[%emt 0:00:00]} 28. Qd2 {[%emt 0:00:01]} Kf8 {[%emt 0:00:02]} 29. Nh4 {[%emt 0:00:01]} Nc4 {[%emt 0:00:02]} 30. Qe2 {[%emt 0:00:02]} Nxe3 {[%emt 0:00:01]} 31. fxe3 {[%emt 0:00:00]} g6 {[%emt 0:00:04]} 32. b6 {[%emt 0:00:03]} Be7 {[%emt 0:00:01]} 33. Qb5 {[%emt 0:00:01]} Bxh4 {[%emt 0:00:02]} 34. Qa5 {[%emt 0:00:01]} Qc6 {[%emt 0:00:02]} 35. Qa8+ {[%emt 0:00:01]} Kg7 {[%emt 0:00:00]} 36. Qa7 {[%emt 0:00:02]} Qxe4 {[%emt 0:00:01]} 37. Qa5 {[%emt 0:00:02]} Qxe3+ {[%emt 0:00:01]} 38. Kh2 {[%emt 0:00:01]} Bg3+ {[%emt 0:00:01]} 39. Kh1 {[%emt 0:00:03]} Qc1+ {[%emt 0:00:00] Bardellosport abbandona (Lag: Av=0.50s, max=0.6s)} 0-1

[Event "Stay Safe Play From Home 278"]
[Site "Emanuel Lasker Arena"]
[Date "2020.07.05"]
[Round "6"]
[White "Edmatuag"]
[Black "Haxhi Baha"]
[Result "0-1"]
[WhiteElo "1662"]
[BlackElo "2001"]
[PlyCount "70"]
[EventDate "2020.07.05"]
[EventType "swiss (blitz)"]

1. e3 {[%emt 0:00:02]} e5 {[%emt 0:00:01]} 2. Nc3 {[%emt 0:00:00]} d5 {[%emt 0:00:01]} 3. Nf3 {[%emt 0:00:01]} e4 {[%emt 0:00:01]} 4. Ng1 {[%emt 0:00:01]} c5 {[%emt 0:00:01]} 5. d4 {[%emt 0:00:01]} Nc6 {[%emt 0:00:00]} 6. Nge2 {[%emt 0:00:02]} c4 {[%emt 0:00:01]} 7. Nf4 {[%emt 0:00:01]} Nf6 {[%emt 0:00:03]} 8. g3 {[%emt 0:00:01]} Bb4 {[%emt 0:00:01]} 9. Qe2 {[%emt 0:00:04]} Be6 {[%emt 0:00:01]} 10. Bd2 {[%emt 0:00:02]} Qe7 {[%emt 0:00:02]} 11. Nxe6 {[%emt 0:00:01]} fxe6 {[%emt 0:00:01]} 12. a3 {[%emt 0:00:04]} Bxc3 {[%emt 0:00:02]} 13. Bxc3 {[%emt 0:00:02]} O-O {[%emt 0:00:00]} 14. Qd2 {[%emt 0:00:02]} a5 {[%emt 0:00:02]} 15. Bg2 {[%emt 0:00:02]} b5 {[%emt 0:00:00]} 16. O-O {[%emt 0:00:01]} b4 {[%emt 0:00:00]} 17. axb4 {[%emt 0:00:01]} axb4 {[%emt 0:00:00]} 18. f3 {[%emt 0:00:05]} bxc3 {[%emt 0:00:01]} 19. bxc3 {[%emt 0:00:00]} Rxa1 {[%emt 0:00:01]} 20. Rxa1 {[%emt 0:00:01]} Qb7 {[%emt 0:00:00]} 21. Rf1 {[%emt 0:00:01]} Ra8 {[%emt 0:00:01]} 22. fxe4 {[%emt 0:00:01]} dxe4 {[%emt 0:00:00]} 23. Qf2 {[%emt 0:00:02]} Ne7 {[%emt 0:00:01]} 24. Qf4 {[%emt 0:00:01]} Ned5 {[%emt 0:00:01]} 25. Qe5 {[%emt 0:00:01]} Nxe3 {[%emt 0:00:01]} 26. Qxe6+ {[%emt 0:00:02]} Qf7 {[%emt 0:00:04]} 27. Rxf6 {[%emt 0:00:01]} gxf6 {[%emt 0:00:02]} 28. Qxe4 {[%emt 0:00:02]} Ra1+ {[%emt 0:00:03]} 29. Kf2 {[%emt 0:00:02]} Nxg2 {[%emt 0:00:03]} 30. Kxg2 {[%emt 0:00:03]} Rd1 {[%emt 0:00:02]} 31. Qa8+ {[%emt 0:00:02]} Kg7 {[%emt 0:00:01]} 32. Qf3 {[%emt 0:00:02]} Rd2+ {[%emt 0:00:00]} 33. Kg1 {[%emt 0:00:03]} Qe6 {[%emt 0:00:01]} 34. Qb7+ {[%emt 0:00:01]} Kg6 {[%emt 0:00:01]} 35. Qf3 {[%emt 0:00:02]} Qe1+ {[%emt 0:00:01] Time (Lag: Av=0.90s, max=1.6s)} 0-1

[Event "Stay Safe Play From Home 278"]
[Site "Emanuel Lasker Arena"]
[Date "2020.07.05"]
[Round "7"]
[White "Mepe_Nika"]
[Black "SoulofWolf"]
[Result "1-0"]
[WhiteElo "2402"]
[BlackElo "2170"]
[PlyCount "79"]
[EventDate "2020.07.05"]
[EventType "swiss (blitz)"]

1. d4 {[%emt 0:00:01]} e6 {[%emt 0:00:00]} 2. Bf4 {[%emt 0:00:00]} d5 {[%emt 0:00:00]} 3. e3 {[%emt 0:00:00]} Bd6 {[%emt 0:00:00]} 4. Bxd6 {[%emt 0:00:01]} Qxd6 {[%emt 0:00:01]} 5. c4 {[%emt 0:00:01]} c6 {[%emt 0:00:01]} 6. Nc3 {[%emt 0:00:00]} Nd7 {[%emt 0:00:01]} 7. Nf3 {[%emt 0:00:00]} Ngf6 {[%emt 0:00:00]} 8. Bd3 {[%emt 0:00:01]} O-O {[%emt 0:00:00]} 9. O-O {[%emt 0:00:00]} b6 {[%emt 0:00:01]} 10. cxd5 {[%emt 0:00:01]} exd5 {[%emt 0:00:02]} 11. Rc1 {[%emt 0:00:00]} a5 {[%emt 0:00:01]} 12. Qc2 {[%emt 0:00:02]} Bb7 {[%emt 0:00:03]} 13. Bf5 {[%emt 0:00:02]} Rfc8 {[%emt 0:00:02]} 14. Ne5 {[%emt 0:00:02]} Rc7 {[%emt 0:00:01]} 15. Bxd7 {[%emt 0:00:01]} Nxd7 {[%emt 0:00:00]} 16. Nxd7 {[%emt 0:00:01]} Qxd7 {[%emt 0:00:00]} 17. a3 {[%emt 0:00:01]} g6 {[%emt 0:00:02]} 18. Rfe1 {[%emt 0:00:01]} Qd6 {[%emt 0:00:01]} 19. Ne2 {[%emt 0:00:01]} Bc8 {[%emt 0:00:01]} 20. Nf4 {[%emt 0:00:01]} Bf5 {[%emt 0:00:01]} 21. Qd2 {[%emt 0:00:01]} Re8 {[%emt 0:00:01]} 22. h3 {[%emt 0:00:01]} Kg7 {[%emt 0:00:01]} 23. Nd3 {[%emt 0:00:01]} g5 {[%emt 0:00:02]} 24. Ne5 {[%emt 0:00:01]} f6 {[%emt 0:00:01]} 25. Nd3 {[%emt 0:00:00]} Kh6 {[%emt 0:00:01]} 26. Re2 {[%emt 0:00:02]} Kg7 {[%emt 0:00:01]} 27. Rce1 {[%emt 0:00:01]} h5 {[%emt 0:00:01]} 28. Qd1 {[%emt 0:00:01]} Kg6 {[%emt 0:00:01]} 29. f3 {[%emt 0:00:01]} Rce7 {[%emt 0:00:02]} 30. Nf2 {[%emt 0:00:01]} Bd7 {[%emt 0:00:01]} 31. Qd3+ {[%emt 0:00:01]} f5 {[%emt 0:00:01]} 32. e4 {[%emt 0:00:01]} dxe4 {[%emt 0:00:02]} 33. fxe4 {[%emt 0:00:00]} f4 {[%emt 0:00:00]} 34. e5+ {[%emt 0:00:01]} Bf5 {[%emt 0:00:01]} 35. exd6 {[%emt 0:00:02]} Bxd3 {[%emt 0:00:05]} 36. Rxe7 {[%emt 0:00:01]} Rd8 {[%emt 0:00:01]} 37. Nxd3 {[%emt 0:00:01]} Rxd6 {[%emt 0:00:00]} 38. Ne5+ {[%emt 0:00:01]} Kf6 {[%emt 0:00:01]} 39. Rf7+ {[%emt 0:00:02]} Ke6 {[%emt 0:00:03]} 40. Nc4+ {[%emt 0:00:01] SoulofWolf poddaje siê (Lag: Av=0.32s, max=0.6s)} 1-0

[Event "Stay Safe Play From Home 278"]
[Site "Emanuel Lasker Arena"]
[Date "2020.07.05"]
[Round "7"]
[White "BrainThinker22"]
[Black "EL sanbary"]
[Result "1-0"]
[WhiteElo "2396"]
[BlackElo "1989"]
[Annotator "NA"]
[PlyCount "109"]
[EventDate "2020.07.05"]
[EventType "swiss (blitz)"]

1. e4 {[%emt 0:00:01]} c5 {[%emt 0:00:01]} 2. Nc3 {[%emt 0:00:00]} g6 {[%emt 0:00:00]} 3. g3 {[%emt 0:00:00]} Bg7 {[%emt 0:00:01]} 4. Bg2 {[%emt 0:00:00]} Nc6 {[%emt 0:00:01]} 5. d3 {[%emt 0:00:00]} e5 {[%emt 0:00:01]} 6. Be3 {[%emt 0:00:00]} d6 {[%emt 0:00:00]} 7. Qd2 {[%emt 0:00:01]} Be6 {[%emt 0:00:01]} 8. Nge2 {[%emt 0:00:00]} Qd7 {[%emt 0:00:01]} 9. O-O {[%emt 0:00:01]} Nd4 {[%emt 0:00:01]} 10. Nc1 {[%emt 0:00:01]} Ne7 {[%emt 0:00:01]} 11. Nd1 {[%emt 0:00:01]} O-O {[%emt 0:00:01]} 12. c3 {[%emt 0:00:00]} Ndc6 {[%emt 0:00:01]} 13. f4 {[%emt 0:00:00]} f5 {[%emt 0:00:02]} 14. Ne2 {[%emt 0:00:01]} Rf7 {[%emt 0:00:01]} 15. Nf2 {[%emt 0:00:02]} Raf8 {[%emt 0:00:01]} 16. h3 {[%emt 0:00:01]} fxe4 {[%emt 0:00:01]} 17. dxe4 {[%emt 0:00:00]} exf4 {[%emt 0:00:01]} 18. Nxf4 {[%emt 0:00:01]} Ne5 {[%emt 0:00:05]} 19. b3 {[%emt 0:00:03]} b6 {[%emt 0:00:02]} 20. Nd5 {[%emt 0:00:01]} Bxd5 {[%emt 0:00:01]} 21. exd5 {[%emt 0:00:00]} Nf3+ {[%emt 0:00:02]} 22. Bxf3 {[%emt 0:00:00]} Rxf3 {[%emt 0:00:01]} 23. Kg2 {[%emt 0:00:04]} Qf5 {[%emt 0:00:02]} 24. Qe2 {[%emt 0:00:04]} Nxd5 {[%emt 0:00:02]} 25. Bd2 {[%emt 0:00:02]} Nxc3 {[%emt 0:00:05]} 26. Bxc3 {[%emt 0:00:00]} Bxc3 {[%emt 0:00:01]} 27. Rad1 {[%emt 0:00:00]} Bd4 {[%emt 0:00:01]} 28. Ng4 {[%emt 0:00:01]} Rxf1 {[%emt 0:00:04]} 29. Rxf1 {[%emt 0:00:00]} Qxf1+ {[%emt 0:00:01]} 30. Qxf1 {[%emt 0:00:00]} Rxf1 {[%emt 0:00:02]} 31. Kxf1 {[%emt 0:00:00]} Kg7 {[%emt 0:00:01]} 32. Ke2 {[%emt 0:00:01]} h5 {[%emt 0:00:01]} 33. Nh2 {[%emt 0:00:00]} Kf6 {[%emt 0:00:01]} 34. Nf3 {[%emt 0:00:00]} g5 {[%emt 0:00:00]} 35. g4 {[%emt 0:00:01]} h4 {[%emt 0:00:01]} 36. Kd3 {[%emt 0:00:01]} Bf2 {[%emt 0:00:03]} 37. Ke4 {[%emt 0:00:01]} Ke6 {[%emt 0:00:00]} 38. Nxg5+ {[%emt 0:00:01]} Kd7 {[%emt 0:00:01]} 39. Kd5 {[%emt 0:00:01]} Bd4 {[%emt 0:00:04]} 40. Ne4 {[%emt 0:00:01]} Ke7 {[%emt 0:00:00]} 41. Nxd6 {[%emt 0:00:02]} c4 {[%emt 0:00:01]} 42. Nf5+ {[%emt 0:00:00]} Kf6 {[%emt 0:00:02]} 43. Nxd4 {[%emt 0:00:00]} c3 {[%emt 0:00:01]} 44. Nc2 {[%emt 0:00:00]} b5 {[%emt 0:00:01]} 45. Kd4 {[%emt 0:00:00]} b4 {[%emt 0:00:00]} 46. Nxb4 {[%emt 0:00:00]} Kg5 {[%emt 0:00:00]} 47. Kxc3 {[%emt 0:00:01]} Kf4 {[%emt 0:00:00]} 48. Nc6 {[%emt 0:00:00]} Kg3 {[%emt 0:00:00]} 49. Nxa7 {[%emt 0:00:00]} Kxh3 {[%emt 0:00:00]} 50. g5 {[%emt 0:00:00]} Kg4 {[%emt 0:00:00]} 51. g6 {[%emt 0:00:00]} Kf4 {[%emt 0:00:00]} 52. g7 {[%emt 0:00:00]} h3 {[%emt 0:00:00]} 53. g8=Q {[%emt 0:00:00]} h2 {[%emt 0:00:00]} 54. Qb8+ {[%emt 0:00:01]} Kf3 {[%emt 0:00:01]} 55. Qxh2 {[%emt 0:00:00] Time} 1-0